Normal view
MARC view
Entry Personal Name
001 - CONTROL NUMBER
- control field: 7195
003 - CONTROL NUMBER IDENTIFIER
- control field: BD-RjUL
005 - DATE AND TIME OF LATEST TRANSACTION
- control field: 20230321162052.0
008 - FIXED-LENGTH DATA ELEMENTS
- fixed length control field: 230321|| aca||aabn | a|a d
040 ## - CATALOGING SOURCE
- Original cataloging agency: BD-RjUL
- Transcribing agency: BD-RjUL
100 ## - HEADING--PERSONAL NAME
- Personal name: Biswas, Kamal, Krishna, Supervisor
670 ## - SOURCE DATA FOUND
- Source citation: Work cat.: (BD-RjUL)81300: Majumder, Mohammed. Mizanur Rahman 7193, Association of renal impairment with severity of coronary artery disease. /, 2019